| 000 | 02569 a2200289 4500 | ||
|---|---|---|---|
| 001 | 47000 | ||
| 005 | 20260407155739.0 | ||
| 008 | 260407a1999 arg spa d | ||
| 003 | AR-UNSa-BCEJYS | ||
| 040 |
_aAR-UNSa-BCEJYS _bspa _cAR-UNSa-BCEJYS |
||
| 080 |
_a339.9 _xEconomía internacional en general. Relaciones económicas internacionales. Economía mundial |
||
| 245 | 1 | 0 |
_aEconomía internacional _pteoría y política |
| 020 | _a84-481-2481-2 | ||
| 250 | _a4a. ed. | ||
| 264 | 1 |
_aMadrid : _bMcGraw-Hill _c1999 |
|
| 300 |
_axxiv, 629 p. _c20 cm. |
||
| 505 | _a1. Introducción - - Parte I : TEORÍA DEL COMERCIO INTERNACIONAL : 2. Productividad del trabajo y ventajas comparativa : el modelo ricardiano - 3. Factores específicos y distribución de la renta - 4. Dotación de recursos y comercio : el modelo heckscher-ohlin - 5. El modelo estándar de comercio - 6. Economías de escala, competencia imperfecta internacional - 7. Los movimientos internacionales de factores - - Parte II : POLÍTICA COMERCIAL INTERNACIONAL :8. Los instrumentos de la política comercial - 9. La economía política de la política comercial - 10. La política comercial en los países en vías de desarrollo - 11. Políticas comerciales estratégicas en los países avanzados -- Parte III : TIPOS DE CAMBIOS Y MACROECONOMÍA DE UNA ECONOMÍA ABIERTA : 12. La contabilidad nacional y la balanza de pagos - 13. Los tipos de cambio y el mercado de divisas : un enfoque de activos - 14. El dinero, los tipos de interés y los tipos de cambios - 15. El nivel de precio y el tipo de cambio a largo plazo - 16. El producto nacional y el tipo de cambio a corto plazo - 17. Los tipos de cambio fijos y la intervención en los mercados de divisas - - Parte IV : LA POLÍTICA MACROECONÓMICA INTERNACIONAL : 18. El sistema monetario internacional, 1870-1973 - 19. La política macroeconómica y la coordinación con tipos de cambios flotantes - 20. Áreas monetarias óptimas y la experiencia europea - 21. El mercado global de capitales : funcionamiento y problemas - 22. Los países en vía de desarrollo : deuda, estabilización y reforma - 23. Problemas económicos internacionales de los antiguos países comunistas. | ||
| 041 | _aspa | ||
| 942 | _cBK | ||
| 590 | _aniveau_biblio:m niveau_hierar:0 | ||
| 100 | 1 | _aTugores Ques, Juan | |
| 700 | 1 | _aObstfeld, Maurice | |
| 700 | 1 | _aKrugman, Paul R. | |
| 700 | 1 | _aLladós, Josep | |
| 700 | 1 | _aPaluzie, Elisenda | |
| 856 | 4 | 1 |
_uhttps://www.biblioeco.unsa.edu.ar/pmb/images/libros/L127364.jpg _yImagen de portada _qimage/jpeg |
| 999 |
_c4265 _d4265 |
||